MANAGEMENT INFORMATION SYSTEMS (Record no. 10697)

MARC details
000 -LEADER
fixed length control field 00691nam a22001697a 4500
003 - CONTROL NUMBER IDENTIFIER
control field SGT
020 ## - INTERNATIONAL STANDARD BOOK NUMBER
International Standard Book Number 9788120348929
082 ## - DEWEY DECIMAL CLASSIFICATION NUMBER
Classification number 658.4038011 SAD
100 ## - MAIN ENTRY--PERSONAL NAME
Personal name SADAGOPAN,S
245 ## - TITLE STATEMENT
Title MANAGEMENT INFORMATION SYSTEMS
250 ## - EDITION STATEMENT
Edition statement 2ND
260 ## - PUBLICATION, DISTRIBUTION, ETC. (IMPRINT)
Place of publication, distribution, etc NEW DELHI
Name of publisher, distributor, etc PHI
Year of Publication 2014
300 ## - PAGE DESCRIPTION
No. of Pages 327
650 ## - SUBJECT ADDED ENTRY--TOPICAL TERM
Topical term or geographic name as entry element MANAGEMENT INFORMATION SYSTEMS
653 ## - KEYWORDS--INDEX TERM
Keyword term 1. Introduction 2. Organisational Systems 3. Information Systems and Organisations 4. Computers and Information Systems 5. Communication Technology 6. Database Technology 7. Decision Support Systems (DSS) 8. Expert Systems and Artificial Intelligence 9. System Analysis and Design
942 ## - ADDED ENTRY ELEMENTS (KOHA)
Source of classification or shelving scheme Dewey Decimal Classification
Koha item type FCM Books
Holdings
Withdrawn status Lost status Source of classification or shelving scheme Damaged status Not for loan Collection code Home library Current library Shelving location Date acquired Vendor Name Cost, normal purchase price SGTU Bill Number Full call number Accession No. (Barcode) Date last seen Bill Date Koha item type Total Checkouts Date last borrowed
    Dewey Decimal Classification   Not For Loan COMMERCE MANAGEMENT SGT Science & Social Sciences Library SGT Science & Social Sciences Library Reference Book 30/01/2017 INDIAN PUBLISHERS & DISTRIBUTORS 325.00 SGTU 117 658.4038011 SAD CM3269 30/01/2017 20/12/2016 FCM Books    
    Dewey Decimal Classification     COMMERCE MANAGEMENT SGT Science & Social Sciences Library SGT Science & Social Sciences Library On Display 30/01/2017 INDIAN PUBLISHERS & DISTRIBUTORS 325.00 SGTU 117 658.4038011 SAD CM3270 20/12/2017 20/12/2016 FCM Books 1 07/12/2017